000 00865nas a2200277 4500
001 BR2011005595
003 BR-BrBNA
005 20231205115127.0
007 ta
008 230509b bl.|||p| |||| 00| 00por d
040 _aBR-BrBNA
_bpor
_cBiblioteca Nacional de Agricultura
041 _a(Pt)
072 _aH10
100 1 _aAssis, F.A.
100 1 _aMoraes, J.C.
100 1 _aNascimento, A.M.
100 1 _aFrançoso, J.
245 1 _aEfeitos da terra diatomácea sobre Diabrotica speciosa (Germar, 1824)(Coleoptera: Chrysomelidae)em batata inglesa
650 _aBATATA
650 _aBESOURO
650 _aBIOLOGIA
650 _aEXPERIÊNCIA DE LABORATÓRIO
773 0 _tCiência e Agrotecnologia (Brazil)
_xISSN 1413-7054
_g(May-Jun 2011), v. 35(3) p. 482-486
_wBR2011005595
909 _a202311
_bLúcia
_c55
_dLúcia Elande
942 _2AGRIS
_n0
_cANA
999 _c212209
_d212209